Конфессиональные отношения в Римской империи (I-XV вв.) (Запись № 11874261)
[ простой вид ]
| 000 -МАРКЕР | |
|---|---|
| контрольное поле | 02135nam0a2200421 4500 |
| 001 - ИДЕНТИФИКАТОР ЗАПИСИ | |
| контрольное поле | RU\NLR\BIBL_A\012094914 |
| 005 - ИДЕНТИФИКАТОР ВЕРСИИ | |
| контрольное поле | 20190926152906.0 |
| 010 ## - МЕЖДУНАРОДНЫЙ СТАНДАРТНЫЙ НОМЕР КНИГИ (ISBN) | |
| Номер (ISBN) | 978-5-238-03300-6 |
| Тираж | 500 |
| 021 ## - НОМЕР ГОСУДАРСТВЕННОЙ РЕГИСТРАЦИИ | |
| Код страны | Российская Федерация |
| Номер | КН-П-19-059077 |
| Номер Листа государственной регистраци | КН-П-19-4238 |
| 035 ## - ДРУГИЕ СИСТЕМНЫЕ НОМЕРА | |
| Идентификатор записи | (NLR Aleph) 012094914 |
| 035 ## - ДРУГИЕ СИСТЕМНЫЕ НОМЕРА | |
| Идентификатор записи | (RuMoRGB)010062701 |
| 100 ## - ДАННЫЕ ОБЩЕЙ ОБРАБОТКИ | |
| Данные общей обработки | 20190917d2019 k y0rusy50 ca |
| 101 0# - ЯЗЫК РЕСУРСА | |
| Язык текста, звукозаписи и т.д. | русский |
| 102 ## - СТРАНА ПУБЛИКАЦИИ ИЛИ ПРОИЗВОДСТВА | |
| Страна публикации | Российская Федерация |
| 105 ## - ПОЛЕ КОДИРОВАННЫХ ДАННЫХ: ТЕКСТОВЫЕ МАТЕРИАЛЫ, МОНОГРАФИЧЕСКИЕ | |
| Кодированные данные о монографическом текстовом документе | y z 000zy |
| 200 1# - ЗАГЛАВИЕ И СВЕДЕНИЯ ОБ ОТВЕТСТВЕННОСТИ | |
| Основное заглавие | Конфессиональные отношения в Римской империи (I-XV вв.) |
| Сведения, относящиеся к заглавию | теория и практика государственно-правового регулирования |
| -- | монография |
| -- | научная специальность 12.00.01 "Теория и история права и государства; история учений о праве и государстве" |
| Первые сведения об ответственности | Р. М. Ахмедов |
| 210 ## - ПУБЛИКАЦИЯ, РАСПРОСТРАНЕНИЕ И ДР. | |
| Место издания, распространения и т.д. | Москва |
| Имя издателя, распространителя и т. д. | Юнити |
| -- | Закон и право |
| Дата издания, распространения и т.д. | 2019 |
| 215 ## - ФИЗИЧЕСКАЯ ХАРАКТЕРИСТИКА | |
| Специфическое обозначение материала и объем | 174, [1] с. |
| Размеры | 21 |
| 225 1# - СЕРИЯ | |
| Основное заглавие серии | Серия "Научные издания для юристов" |
| 300 ## - ОБЩИЕ ПРИМЕЧАНИЯ | |
| Текст примечания | В вып. дан. авт.: Ахмедов Р. М.. к.ю.н., доц. |
| 320 ## - ПРИМЕЧАНИЯ О НАЛИЧИИ В ДОКУМЕНТЕ БИБЛИОГРАФИИ / УКАЗАТЕЛЯ | |
| Текст примечания | Библиогр.: с. 169-174 (104 назв.) и в подстроч. примеч. |
| 517 1# - ДРУГИЕ ВАРИАНТЫ ЗАГЛАВИЯ | |
| Вариант заглавия | Теория и практика государственно-правового регулирования |
| 606 1# - НАИМЕНОВАНИЕ ТЕМЫ КАК ПРЕДМЕТ | |
| Наименование темы | Религия и государство |
| Географический подзаголовок | Рим Древний |
| Код системы | nlr_sh2 |
| Идентификатор авторитетной/нормативной записи | RU\NLR\AUTH\6601662155 |
| 606 1# - НАИМЕНОВАНИЕ ТЕМЫ КАК ПРЕДМЕТ | |
| Наименование темы | Религия и государство |
| Географический подзаголовок | Византия |
| Код системы | nlr_sh2 |
| Идентификатор авторитетной/нормативной записи | RU\NLR\AUTH\6601662157 |
| 686 1# - ИНДЕКСЫ ДРУГИХ КЛАССИФИКАЦИЙ | |
| Индекс | Х2(0)323 |
| 686 2# - ИНДЕКСЫ ДРУГИХ КЛАССИФИКАЦИЙ | |
| Индекс | Э371-3-021.5 |
| 686 2# - ИНДЕКСЫ ДРУГИХ КЛАССИФИКАЦИЙ | |
| Индекс | Э372.21-34-021.5 |
| 700 #1 - ИМЯ ЛИЦА - ПЕРВИЧНАЯ ОТВЕТСТВЕННОСТЬ | |
| Начальный элемент ввода | Ахмедов |
| Часть имени, кроме начального элемента ввода | Р. М. |
| Расширение инициалов личного имени | Руслан Маратович |
| 942 ## - ДОПОЛНИТЕЛЬНЫЕ ЭЛЕМЕНТЫ ЗАПИСИ (АБИС) | |
| Тип экземпляра АБИС | Книга |
| 980 ## - КОЛЛЕКЦИЯ | |
| Название коллекции | НБР |
| 980 ## - КОЛЛЕКЦИЯ | |
| Название коллекции | Национальная библиография |
Нет доступных экземпляров.